| 000 | 01466cam a2200325 a 4500 | ||
|---|---|---|---|
| 001 | 15228378 | ||
| 005 | 20230718091943.0 | ||
| 008 | 080321s2007 xxka b 001 0 eng d | ||
| 010 | _a 2008272511 | ||
| 020 | _a9780750664462 | ||
| 035 | _a(OCoLC)ocn182518827 | ||
| 040 |
_aPJW _cPJW _dBAKER _dIXA _dIAI _dDLC |
||
| 042 | _alccopycat | ||
| 050 | 0 | 0 | _aG 155.A1 .H56 2007 |
| 082 | 0 | 0 |
_a338.4/79104089 _222 |
| 245 | 0 | 0 |
_aTourism and indigenous peoples : _bissues and implications / _ceditors, Richard Butler and Tom Hinch. |
| 250 | _a1st. ed. | ||
| 260 |
_aOxford ; _aBurlington, Mass. : _bButterworth-Heinemann, _cc2007. |
||
| 300 |
_axviii, 380 p. : _bill. ; _c24 cm. |
||
| 504 | _aIncludes bibliographical references (p. [333]-376) and index. | ||
| 505 | 0 | _aIndigenous knowledge and tourism -- Indigenous commerce in tourism -- Indigenous environment and tourism -- Indigenous culture and tourism -- Indigenous community-based tourism -- Indigenous tourism: policies and politics -- Conclusions. | |
| 650 | 0 | _aTourism. | |
| 650 | 0 | _aIndigenous peoples. | |
| 700 | 1 |
_aButler, Richard, _d1943- |
|
| 700 | 1 | _aHinch, Thomas. | |
| 856 | 4 | 2 |
_3Publisher description _uhttp://www.loc.gov/catdir/enhancements/fy0827/2008272511-d.html |
| 906 |
_a7 _bcbc _ccopycat _d2 _encip _f20 _gy-gencatlg |
||
| 942 |
_2lcc _cBOOKS _hG 155.A1 .H56 2007 |
||
| 999 |
_c31704 _d31704 |
||